00314nam a2200121Ia 4500008004100000022001400041041001200055082001600067245002000083260006000103440000900163650002000172240126s9999 xx 000 0 und d a0974-7621 aEnglish aLIBRARY-MBA 0aGyan Management bGian Jyoti Institute of management & technologyaPunjab aNULL aGyan,Management